[Event "World Rapid 2023"]
[Site "Samarkand UZB"]
[Date "2023.12.26"]
[EventDate "2023.12.26"]
[Round "1.50"]
[Result "1/2-1/2"]
[White "Kanan Garayev"]
[Black "Giga Quparadze"]
[WhiteElo "2280"]
[BlackElo "2538"]
[PlyCount "158"]

1. d4 Nf6 2. c4 e6 3. g3 d5 4. Bg2 Bb4+ 5. Nd2 O-O 6. Nf3 b6 7. cxd5 exd5
8. Ne5 Bb7 9. a3 Bd6 10. Ndc4 Be7 11. O-O Re8 12. Bf4 Bf8 13. Rc1 c6 14.
Nd2 Nh5 15. Be3 c5 16. Nd3 cxd4 17. Bxd4 Nc6 18. Bc3 Rc8 19. e4 d4 20. Qxh5
dxc3 21. Rxc3 g6 22. Qd5 Bg7 23. e5 Qe7 24. Nb4 Na5 25. Rxc8 Rxc8 26. Qd6
Qxe5 27. Qxe5 Bxe5 28. Nd3 Bg7 29. Bxb7 Nxb7 30. Nf3 Rd8 31. Nde5 Re8 32.
Nd3 Rd8 33. Nde5 Rd5 34. Re1 Bf6 35. b4 Kg7 36. Kg2 Nd6 37. Nc6 Nc4 38.
Nxa7 Nxa3 39. Re4 Nc2 40. Rc4 Na3 41. Rc6 b5 42. h4 h5 43. Nc8 Nc4 44. Na7
Nd6 45. Rc5 Rf5 46. Rxf5 gxf5 47. Ne1 Bc3 48. Nd3 Kf6 49. Nf4 Bd2 50. Nxh5+
Ke5 51. Kf3 Kd4 52. Nf4 Kc4 53. Nc6 Bc3 54. g4 fxg4+ 55. Kxg4 Bg7 56. h5
Bh6 57. Ng2 Kd5 58. Ne7+ Ke4 59. Ne3 Bf8 60. N7f5 Nxf5 61. Nxf5 Bxb4 62. h6
Kd5 63. h7 Bc3 64. Kf4 b4 65. Ne3+ Kc5 66. Ke4 b3 67. Kd3 Bh8 68. Nc4 Kb4
69. Nd2 Bg7 70. f4 Bh8 71. Nc4 b2 72. Nd2 Kc5 73. Kc2 Kd5 74. Nf3 Ke6 75.
Ne5 Bg7 76. Kxb2 Kf5 77. Kc2 f6 78. Nf7 Kxf4 79. h8=B 1/2-1/2

[Event "World Rapid 2023"]
[Site "Samarkand UZB"]
[Date "2023.12.26"]
[EventDate "2023.12.26"]
[Round "1.51"]
[Result "1-0"]
[White "Aleksey Dreev"]
[Black "Lev Zverev"]
[WhiteElo "2557"]
[BlackElo "2257"]
[PlyCount "150"]

1. d4 Nf6 2. c4 e6 3. Nf3 d5 4. e3 Be7 5. Nc3 O-O 6. b3 b6 7. Bb2 Bb7 8.
Bd3 dxc4 9. bxc4 c5 10. O-O cxd4 11. exd4 Nc6 12. Re1 Rc8 13. Rc1 Na5 14.
Ne5 Nd7 15. Nxd7 Qxd7 16. d5 exd5 17. Nxd5 Bxd5 18. cxd5 Rxc1 19. Qxc1 Qxd5
20. Qc2 Qc5 21. Bxh7+ Kh8 22. Qe4 Qb4 23. Qxe7 Qxe7 24. Rxe7 Kxh7 25. Rxa7
Rd8 26. g3 Kg6 27. Bc3 Nc4 28. Kg2 Rc8 29. Kf3 f6 30. Bd4 Rd8 31. Be3 b5
32. Bc5 Rd2 33. h4 Ne5+ 34. Kg2 Nd3 35. Be3 Rc2 36. g4 Rc4 37. Kg3 Ne5 38.
h5+ Kh7 39. g5 fxg5 40. Re7 Rg4+ 41. Kh3 Rh4+ 42. Kg2 Nc4 43. Bc5 Rxh5 44.
Bd4 Kg6 45. Rxg7+ Kf5 46. Rb7 Ke4 47. Bf6 g4 48. Re7+ Kd3 49. Rg7 Rf5 50.
Bh4 Rf4 51. Kg3 Re4 52. Rxg4 Rxg4+ 53. Kxg4 Ne3+ 54. Kf4 Nd5+ 55. Ke5 Nb4
56. f4 Nc6+ 57. Kd5 Nd4 58. Bf2 Nf5 59. Bc5 Kc3 60. a3 Kb3 61. Bb4 Ng3 62.
Ke5 Kc4 63. Be1 Nh5 64. f5 Kb3 65. Bb4 Kc4 66. Bd6 Kb3 67. Kd4 Nf6 68. Be5
Ne8 69. Kd5 Kc2 70. Kc6 Kd3 71. Ba1 Ke4 72. f6 Nxf6 73. Bxf6 Kf5 74. Kxb5
Ke6 75. Kc6 1-0

[Event "World Rapid 2023"]
[Site "Samarkand UZB"]
[Date "2023.12.26"]
[EventDate "2023.12.26"]
[Round "1.52"]
[Result "1-0"]
[White "Mikhail Markov"]
[Black "Aleksandar Indjic"]
[WhiteElo "2266"]
[BlackElo "2547"]
[PlyCount "110"]

1. c4 e5 2. Nc3 Nf6 3. g3 Bb4 4. Bg2 O-O 5. Nd5 Nxd5 6. cxd5 d6 7. e3 c6 8.
Ne2 cxd5 9. Bxd5 Nc6 10. O-O Bh3 11. Bg2 Bxg2 12. Kxg2 Bc5 13. d3 Qd7 14.
d4 exd4 15. exd4 Bb6 16. Be3 Ne7 17. Nf4 Rfe8 18. Qf3 Nf5 19. Rfd1 Rac8 20.
Rac1 Rxc1 21. Rxc1 Bxd4 22. Bxd4 Nxd4 23. Qd3 Nc6 24. Nd5 Qe6 25. Nc7 Qe4+
26. Qxe4 Rxe4 27. Nb5 Re6 28. Nd4 Re7 29. Nxc6 bxc6 30. Rxc6 g6 31. Rxd6
Re2 32. Rd8+ Kg7 33. Rb8 a5 34. a4 Rc2 35. Rb5 h5 36. h4 Re2 37. Kf3 Rd2
38. Ke3 Rc2 39. b3 Rb2 40. f3 Kf6 41. Ke4 Ke6 42. Kd4 Rf2 43. Rxa5 Rxf3 44.
Re5+ Kd6 45. Re3 Rf1 46. Kc4 Kc6 47. Kb4 Rf5 48. a5 Rd5 49. Ka4 g5 50. hxg5
Rxg5 51. b4 Rd5 52. Re7 Rg5 53. a6 Rxg3 54. a7 Rg8 55. Ka5 1-0

[Event "World Rapid 2023"]
[Site "Samarkand UZB"]
[Date "2023.12.26"]
[EventDate "2023.12.26"]
[Round "1.53"]
[Result "1/2-1/2"]
[White "Conrad Holt"]
[Black "Mergen Kakabayev"]
[WhiteElo "2548"]
[BlackElo "2257"]
[PlyCount "88"]

1. d4 d5 2. c4 c6 3. Nf3 Nf6 4. e3 e6 5. Bd3 Nbd7 6. b3 Bd6 7. Bb2 O-O 8.
O-O Re8 9. Ne5 Qc7 10. f4 Ne4 11. Nd2 f5 12. Rc1 Ndf6 13. Ndf3 Bd7 14. c5
Be7 15. b4 a6 16. a4 Rf8 17. b5 axb5 18. axb5 Be8 19. b6 Qc8 20. Qc2 Bh5
21. Ra1 Rxa1 22. Rxa1 Nd7 23. Nxd7 Qxd7 24. Ne5 Qc8 25. g4 fxg4 26. Bxe4
dxe4 27. Qxe4 g5 28. Ra7 gxf4 29. Nxc6 Bh4 30. d5 fxe3 31. Qxe3 exd5 32.
Qd4 Bf2+ 33. Qxf2 Qe6 34. Nd4 Qe4 35. Qe2 Qb1+ 36. Kg2 g3 37. Qe6+ Bf7 38.
Qg4+ Bg6 39. Qe6+ Bf7 40. Qe2 Bh5 41. Qe6+ Bf7 42. Qe2 Bh5 43. Qe6+ Bf7 44.
Qe2 Bh5 1/2-1/2

[Event "World Rapid 2023"]
[Site "Samarkand UZB"]
[Date "2023.12.26"]
[EventDate "2023.12.26"]
[Round "1.54"]
[Result "0-1"]
[White "Almas Rakhmatullaev"]
[Black "Igor Lysyj"]
[WhiteElo "2251"]
[BlackElo "2547"]
[PlyCount "80"]

1. e4 e5 2. Nf3 Nc6 3. Bc4 Bc5 4. c3 Nf6 5. d4 exd4 6. cxd4 Bb4+ 7. Nbd2
Bxd2+ 8. Bxd2 Nxe4 9. d5 Ne7 10. Bb4 d6 11. O-O a5 12. Re1 axb4 13. Rxe4
O-O 14. Bb3 c5 15. dxc6 bxc6 16. Rxb4 c5 17. Ra4 Rxa4 18. Bxa4 Bb7 19. a3
Ng6 20. b4 Qf6 21. Ne1 Nf4 22. Ra2 c4 23. f3 d5 24. g3 Ne6 25. Qe2 c3 26.
Qd3 d4 27. Bc2 g6 28. a4 Ng5 29. h4 Nxf3+ 30. Nxf3 Bxf3 31. Ra1 Re8 32. Rf1
Re3 33. Qb5 d3 34. Bb3 Re2 35. Qb8+ Kg7 36. Qf4 Rg2+ 37. Kh1 Rf2+ 38. Kg1
Rxf1+ 39. Kxf1 Qxf4 40. gxf4 c2 0-1

[Event "World Rapid 2023"]
[Site "Samarkand UZB"]
[Date "2023.12.26"]
[EventDate "2023.12.26"]
[Round "1.55"]
[Result "1-0"]
[White "Volodar Murzin"]
[Black "Khalil Nafri"]
[WhiteElo "2534"]
[BlackElo "2243"]
[PlyCount "62"]

1. d4 Nf6 2. Nf3 g6 3. c4 Bg7 4. Nc3 O-O 5. e4 d6 6. h3 e5 7. d5 Na6 8. Be3
Nc5 9. Nd2 a5 10. a3 Bd7 11. b4 axb4 12. axb4 Rxa1 13. Qxa1 Na6 14. Qa3 Nh5
15. c5 f5 16. Nc4 f4 17. Bd2 dxc5 18. bxc5 Qa8 19. Be2 Qa7 20. d6 cxd6 21.
Nxd6 Qxc5 22. Qa2+ Kh8 23. Nf7+ Rxf7 24. Qxf7 Nf6 25. Bxa6 bxa6 26. O-O Bc6
27. Qc7 h6 28. Rc1 Qd4 29. Bxf4 Bxe4 30. Bxe5 Qd2 31. Nxe4 1-0

[Event "World Rapid 2023"]
[Site "Samarkand UZB"]
[Date "2023.12.26"]
[EventDate "2023.12.26"]
[Round "1.56"]
[Result "1-0"]
[White "Mukhammadali Abdurakhmonov"]
[Black "Daniel Dardha"]
[WhiteElo "2236"]
[BlackElo "2543"]
[PlyCount "86"]

1. d4 d5 2. Bf4 c5 3. e3 Nc6 4. Nf3 cxd4 5. exd4 e6 6. Nbd2 Bd6 7. Bxd6
Qxd6 8. c3 Nge7 9. Bd3 O-O 10. O-O Bd7 11. Re1 f6 12. c4 Rad8 13. a3 dxc4
14. Nxc4 Qf4 15. Re4 Qb8 16. Rh4 Nf5 17. Bxf5 exf5 18. d5 Be6 19. Ne3 g6
20. Qe2 Rxd5 21. Nxd5 Bxd5 22. Nd4 Qe5 23. Qd2 Re8 24. Nxc6 Bxc6 25. Rd4
Kg7 26. h3 g5 27. f4 Qe3+ 28. Qxe3 Rxe3 29. Rad1 g4 30. Kf2 Re7 31. h4 Kg6
32. R4d3 Be4 33. Rd7 Re8 34. Rd8 Re7 35. R1d7 Rxd7 36. Rxd7 a6 37. g3 Bc6
38. Re7 h6 39. Ke3 Be4 40. Kd4 Kh5 41. Kc5 Bc6 42. Kb6 Kg6 43. b4 1-0

[Event "World Rapid 2023"]
[Site "Samarkand UZB"]
[Date "2023.12.26"]
[EventDate "2023.12.26"]
[Round "1.57"]
[Result "1-0"]
[White "Ter-Sahakyan, Samvel"]
[Black "Harold Wanyama"]
[WhiteElo "2542"]
[BlackElo "2210"]
[PlyCount "58"]

1. e4 c5 2. Nf3 e6 3. d4 cxd4 4. Nxd4 Nc6 5. Nc3 Qc7 6. Be3 a6 7. Qf3 Nf6
8. O-O-O Ne5 9. Qg3 b5 10. f4 Neg4 11. Bg1 h5 12. h3 b4 13. Nd5 Nxd5 14.
exd5 Nf6 15. d6 Qa5 16. Qf3 Rb8 17. Bc4 Bb7 18. Qe2 Ne4 19. Bh2 Bxd6 20.
Kb1 Qb6 21. Rhe1 h4 22. Bg1 Bc5 23. Qg4 g6 24. f5 gxf5 25. Nxf5 d5 26. Rxe4
Bxg1 27. Bxd5 Bxd5 28. Rxd5 Bh2 29. Rxe6+ 1-0

[Event "World Rapid 2023"]
[Site "Samarkand UZB"]
[Date "2023.12.26"]
[EventDate "2023.12.26"]
[Round "1.58"]
[Result "1/2-1/2"]
[White "Mustafokhuja Khusenkhojaev"]
[Black "Jinshi Bai"]
[WhiteElo "2161"]
[BlackElo "2540"]
[PlyCount "106"]

1. d4 Nf6 2. c4 b6 3. Nc3 Bb7 4. Qc2 d5 5. cxd5 Nxd5 6. e4 Nxc3 7. bxc3 e6
8. Nf3 Be7 9. Bb5+ c6 10. Bd3 c5 11. Bb5+ Bc6 12. a4 O-O 13. O-O Qc7 14.
Qe2 Rd8 15. Rd1 Qb7 16. Bxc6 Nxc6 17. d5 exd5 18. exd5 Na5 19. c4 Bf6 20.
Ra2 h6 21. Bb2 Re8 22. Qd3 Bxb2 23. Rxb2 Qd7 24. Ra2 Qg4 25. Rc2 Re4 26. h3
Qg6 27. Re2 Rae8 28. Nh4 Qh5 29. Rxe4 Rxe4 30. Qxe4 Qxd1+ 31. Kh2 Qd4 32.
Qe8+ Kh7 33. Qxf7 Qxh4 34. Qf5+ Kg8 35. Qe6+ Kf8 36. Qc8+ Ke7 37. Qc7+ Ke8
38. Qxg7 Qf4+ 39. Kg1 Nxc4 40. Qxa7 Qc1+ 41. Kh2 Qf4+ 42. Kg1 Qe5 43. a5
Qe1+ 44. Kh2 Qxa5 45. Qb8+ Kd7 46. Qb7+ Kd6 47. Qc6+ Ke5 48. Qe6+ Kd4 49.
d6 Nxd6 50. Qxd6+ Kc4 51. f4 Qc3 52. f5 Qd4 53. Qxd4+ cxd4 1/2-1/2

[Event "World Rapid 2023"]
[Site "Samarkand UZB"]
[Date "2023.12.26"]
[EventDate "2023.12.26"]
[Round "1.59"]
[Result "1-0"]
[White "Aryan Tari"]
[Black "Bakhrom Bakhrillaev"]
[WhiteElo "2556"]
[BlackElo "2196"]
[PlyCount "110"]

1. e4 e5 2. Nf3 Nc6 3. Bc4 Bc5 4. d3 Nf6 5. Nc3 d6 6. Na4 Bb6 7. a3 h6 8.
h3 O-O 9. O-O Be6 10. Bxe6 fxe6 11. b4 Qe8 12. c3 Nh5 13. Nxb6 axb6 14. g3
Qf7 15. Nh2 d5 16. Ng4 dxe4 17. dxe4 Rad8 18. Qe2 Qg6 19. Kh2 Nf6 20. Nxf6+
Rxf6 21. f3 Rf7 22. Be3 Rfd7 23. Rfd1 Qe8 24. h4 Qe7 25. a4 Rd6 26. Kg2 Qd7
27. Rxd6 Qxd6 28. a5 Qd3 29. Qxd3 Rxd3 30. axb6 cxb6 31. Bxb6 Rxc3 32. b5
Nd4 33. Ra8+ Kh7 34. Bxd4 exd4 35. Rd8 Rb3 36. Rxd4 Rxb5 37. Rd6 e5 38. h5
Kg8 39. Rd7 Kf8 40. Kh3 Rb3 41. Kg4 Rb6 42. f4 exf4 43. gxf4 g6 44. hxg6
Rxg6+ 45. Kf5 Rg7 46. Rd8+ Ke7 47. Rh8 Rf7+ 48. Ke5 Kd7 49. Rxh6 Re7+ 50.
Kd5 Kc7 51. f5 b5 52. Rc6+ Kb7 53. f6 Rh7 54. e5 b4 55. Rc4 1-0

[Event "World Rapid 2023"]
[Site "Samarkand UZB"]
[Date "2023.12.26"]
[EventDate "2023.12.26"]
[Round "1.60"]
[Result "0-1"]
[White "Khumoyun Begmuratov"]
[Black "Andrew Hong"]
[WhiteElo "2292"]
[BlackElo "2539"]
[PlyCount "78"]

1. e4 c5 2. Nf3 d6 3. Bb5+ Bd7 4. Bxd7+ Qxd7 5. O-O Nf6 6. Qe2 Nc6 7. b3 g6
8. Bb2 Bg7 9. d4 cxd4 10. Nxd4 Nh5 11. Rd1 Nf4 12. Qf1 Qg4 13. f3 Qg5 14.
c3 h5 15. Ne2 h4 16. Nxf4 Qxf4 17. Bc1 Qe5 18. Rd5 Qe6 19. Be3 f5 20. Nd2
Bxc3 21. Rc1 fxe4 22. fxe4 Bb2 23. Re1 h3 24. g3 Bc3 25. Bg5 Rf8 26. Qb5
Qd7 27. Rc1 Bd4+ 28. Kh1 Bb6 29. Qe2 Nd4 30. Qd3 Qg4 31. Be3 Qe2 32. Qxe2
Nxe2 33. Bxb6 Nxc1 34. Be3 Nxa2 35. e5 dxe5 36. Rxe5 Rc8 37. Bc5 Rc7 38.
Kg1 Nc1 39. Bd6 Ne2+ 0-1

[Event "World Rapid 2023"]
[Site "Samarkand UZB"]
[Date "2023.12.26"]
[EventDate "2023.12.26"]
[Round "1.61"]
[Result "0-1"]
[White "Mikhail Kobalia"]
[Black "Shahruh Turayev"]
[WhiteElo "2534"]
[BlackElo "2184"]
[PlyCount "74"]

1. e4 e6 2. d3 d5 3. Nd2 Nf6 4. Ngf3 c5 5. g3 g6 6. Bg2 Bg7 7. O-O O-O 8.
Re1 Nc6 9. c3 a5 10. e5 Ng4 11. d4 cxd4 12. cxd4 f6 13. exf6 Qxf6 14. h3
Nxf2 15. Kxf2 Qxd4+ 16. Ke2 Qb6 17. Qb3 Qc7 18. Nf1 a4 19. Qa3 b5 20. Kd1
b4 21. Qe3 Kh8 22. Bd2 a3 23. Rb1 axb2 24. Qb3 Ra3 25. Qc2 b3 26. axb3 Ra1
27. Be3 Qb7 28. N1d2 Nb4 29. Qc5 Nd3 30. Qc2 Nxe1 31. Nxe1 Qb8 32. Bc5 Re8
33. Qd3 Ba6 34. Qe3 Rc8 35. Nc2 Qb5 36. b4 Qd3 37. Bf1 Rxb1# 0-1

[Event "World Rapid 2023"]
[Site "Samarkand UZB"]
[Date "2023.12.26"]
[EventDate "2023.12.26"]
[Round "1.62"]
[Result "0-1"]
[White "Rojas Salas, Steven"]
[Black "Anton Demchenko"]
[WhiteElo "2175"]
[BlackElo "2565"]
[PlyCount "98"]

1. d4 Nf6 2. c4 g6 3. g3 Bg7 4. Bg2 O-O 5. Nc3 d6 6. Nf3 Re8 7. O-O Bd7 8.
h3 Qc8 9. Kh2 e5 10. e4 Nc6 11. Be3 exd4 12. Nxd4 Ne5 13. Qe2 a6 14. a4 c5
15. Nc2 Be6 16. Na3 Nc6 17. Qd2 Nd4 18. Bxd4 cxd4 19. Ne2 Bd7 20. f3 Bxa4
21. Nxd4 Qc5 22. Ne2 Rad8 23. b4 Qe5 24. Rab1 d5 25. cxd5 Nxd5 26. Qc1 Qe7
27. Re1 Nxb4 28. Qc4 a5 29. Nf4 Rc8 30. Qf1 Be5 31. Ne2 Nd3 32. Nb5 Nxe1
33. Qxe1 Qc5 34. Qxa5 Qc2 35. Na3 Qxe2 36. Qxa4 Red8 37. Qb5 Rd2 38. Qxe2
Rxe2 39. f4 Bd6 40. Nb5 Rcc2 41. Nxd6 Rxg2+ 42. Kh1 Rh2+ 43. Kg1 Rcg2+ 44.
Kf1 Rd2 45. Kg1 Rxh3 46. e5 Rxg3+ 47. Kh1 Rf3 48. f5 gxf5 49. Rg1+ Kf8 0-1

[Event "World Rapid 2023"]
[Site "Samarkand UZB"]
[Date "2023.12.26"]
[EventDate "2023.12.26"]
[Round "1.63"]
[Result "1-0"]
[White "Levan Pantsulaia"]
[Black "Felix Xie"]
[WhiteElo "2538"]
[BlackElo "2164"]
[PlyCount "88"]

1. Nf3 Nf6 2. g3 g6 3. b3 Bg7 4. Bb2 d6 5. Bg2 e5 6. c4 O-O 7. O-O c5 8.
Nc3 Nc6 9. d3 h6 10. a3 Be6 11. Rc1 a6 12. Nd2 Rb8 13. Nd5 Nd7 14. Ne4 Nf6
15. Nexf6+ Bxf6 16. Nxf6+ Qxf6 17. f4 Qg7 18. b4 f6 19. bxc5 dxc5 20. fxe5
Nxe5 21. Qd2 Kh7 22. Qe3 Qc7 23. Rxf6 Ng4 24. Qf4 Qxf4 25. Rxf4 Rxf4 26.
gxf4 b5 27. Bd5 Bf5 28. cxb5 Rxb5 29. Bc3 Ne3 30. Ba2 Bg4 31. Kf2 Nf5 32.
e4 Nd4 33. Bxd4 cxd4 34. Rc7+ Kh8 35. Bc4 Rb2+ 36. Kg3 Be2 37. Rd7 a5 38.
Rxd4 Rc2 39. e5 Kg7 40. e6 Kf8 41. Rd8+ Ke7 42. Rd7+ Ke8 43. Rg7 Rb2 44. a4
1-0

[Event "World Rapid 2023"]
[Site "Samarkand UZB"]
[Date "2023.12.26"]
[EventDate "2023.12.26"]
[Round "1.64"]
[Result "0-1"]
[White "Faustino Oro"]
[Black "Arseniy Nesterov"]
[WhiteElo "2150"]
[BlackElo "2534"]
[PlyCount "88"]

1. e4 e5 2. Nf3 Nc6 3. Bb5 a6 4. Ba4 f5 5. d3 fxe4 6. dxe4 Nf6 7. O-O d6 8.
Nc3 Be7 9. h3 O-O 10. Re1 Na5 11. Nd5 b5 12. Nxf6+ Rxf6 13. Bg5 Rf7 14. Bd2
Nc4 15. Bb3 Be6 16. Bxc4 bxc4 17. Be3 h6 18. b3 Qd7 19. Kh2 Raf8 20. Nd2
Bh4 21. Nf3 Rxf3 22. gxf3 Qf7 23. Rg1 Kh7 24. f4 exf4 25. Bd4 g5 26. Qf3
Qg6 27. Rg2 h5 28. Rag1 Qh6 29. Qd1 f3 30. Rg3 Bxg3+ 31. Rxg3 g4 32. h4 Qg6
33. Qe1 Re8 34. Qa5 c5 35. Bb2 Bf7 36. Qxa6 Rxe4 37. Qc8 Re8 38. Qd7 Re2
39. Qd8 Qg8 40. Qxd6 Rxf2+ 41. Kg1 Rxc2 42. Qe5 Bg6 43. Kh1 f2 44. Kg2 Qa8+
0-1

[Event "World Rapid 2023"]
[Site "Samarkand UZB"]
[Date "2023.12.26"]
[EventDate "2023.12.26"]
[Round "1.65"]
[Result "1-0"]
[White "Arystanbek Urazayev"]
[Black "Sumiya Chinguun"]
[WhiteElo "2535"]
[BlackElo "2130"]
[PlyCount "128"]

1. e4 c5 2. Nf3 Nc6 3. Bb5 g6 4. O-O Bg7 5. Re1 e5 6. Bxc6 dxc6 7. a4 Qe7
8. Na3 Nf6 9. Nc4 Nd7 10. d3 O-O 11. h4 h5 12. Qd2 Re8 13. Qg5 Nf8 14. Qxe7
Rxe7 15. Be3 b6 16. a5 Rb8 17. axb6 axb6 18. Ra3 Bg4 19. Nfd2 Be6 20. Ra6
Reb7 21. Rea1 Nd7 22. Ra7 Bf8 23. Rxb7 Rxb7 24. Ra8 Kg7 25. f4 Be7 26. g3
f6 27. b3 Bg4 28. Kf2 Rc7 29. fxe5 fxe5 30. Bg5 Kf7 31. Bxe7 Kxe7 32. Rh8
Ke6 33. Rh7 Rb7 34. Ne3 Rb8 35. Nxg4 hxg4 36. Rg7 Nf8 37. Nc4 b5 38. Ne3
Ra8 39. Nxg4 c4 40. bxc4 bxc4 41. dxc4 Ra2 42. Ne3 Ra1 43. Kf3 Ra3 44. g4
Kf6 45. Rc7 g5 46. Rxc6+ Ne6 47. h5 Kf7 48. Kf2 Ra2 49. h6 Ra1 50. Nf5 Rc1
51. Kg3 Rg1+ 52. Kh2 Rc1 53. Rxe6 Rxc2+ 54. Kh3 Rc3+ 55. Ng3 Rxc4 56. Rxe5
Rc6 57. Nf5 Rc3+ 58. Kg2 Kg6 59. Re6+ Kh7 60. Re7+ Kg8 61. e5 Kf8 62. e6
Rc6 63. Rf7+ Ke8 64. Ng7+ 1-0

[Event "World Rapid 2023"]
[Site "Samarkand UZB"]
[Date "2023.12.26"]
[EventDate "2023.12.26"]
[Round "1.66"]
[Result "0-1"]
[White "Ali Kasimov"]
[Black "Zhamsaran Tsydypov"]
[WhiteElo "2114"]
[BlackElo "2550"]
[PlyCount "112"]

1. d4 Nf6 2. c4 e6 3. Nc3 Bb4 4. Qc2 d6 5. a3 Bxc3+ 6. Qxc3 O-O 7. Bg5 h6
8. Bh4 Nbd7 9. f3 b6 10. e4 e5 11. d5 a5 12. Bf2 a4 13. Bd3 Nc5 14. Ne2 Nh7
15. Ng3 g6 16. O-O Nxd3 17. Qxd3 f5 18. exf5 gxf5 19. f4 Qf6 20. Rae1 Ba6
21. Be3 e4 22. Qc2 b5 23. cxb5 Bxb5 24. Rf2 Rf7 25. Ne2 Bd3 26. Qc6 Ra6 27.
Qc1 Qg6 28. Nc3 Nf6 29. h3 Kh7 30. Bd4 h5 31. Qe3 h4 32. Bxf6 Qxf6 33. Rd1
Ra8 34. Rxd3 exd3 35. Qxd3 Re7 36. Nb5 Rb8 37. Nd4 Re4 38. Ne6 Kg6 39. g4
Rb3 40. gxf5+ Qxf5 41. Rg2+ Kh6 42. Qd2 Rd3 43. Qxd3 Re1+ 44. Qf1 Rxf1+ 45.
Kxf1 Qb1+ 46. Kf2 Qxb2+ 47. Kf3 Qxa3+ 48. Ke4 Qxh3 49. Rg8 Qh1+ 50. Kf5
Qb1+ 51. Kf6 h3 52. Rh8+ Qh7 53. Rxh7+ Kxh7 54. f5 h2 55. Ke7 h1=Q 56. f6
Qh4 0-1

[Event "World Rapid 2023"]
[Site "Samarkand UZB"]
[Date "2023.12.26"]
[EventDate "2023.12.26"]
[Round "1.67"]
[Result "0-1"]
[White "Vladislav Kovalev"]
[Black "Daler Vakhidov"]
[WhiteElo "2532"]
[BlackElo "2110"]
[PlyCount "34"]

1. e4 c5 2. Nf3 g6 3. c3 d5 4. exd5 Qxd5 5. d4 Bg7 6. Na3 cxd4 7. Bc4 Qe4+
8. Be3 Nh6 9. cxd4 O-O 10. O-O Bg4 11. Bxh6 Bxh6 12. Re1 Qf4 13. Rxe7 Nc6
14. Rxb7 Rad8 15. d5 Ne5 16. Be2 Qe4 17. Rb5 Rfe8 0-1

[Event "World Rapid 2023"]
[Site "Samarkand UZB"]
[Date "2023.12.26"]
[EventDate "2023.12.26"]
[Round "1.68"]
[Result "1-0"]
[White "David Akhmedov"]
[Black "B Adhiban"]
[WhiteElo "2099"]
[BlackElo "2538"]
[PlyCount "78"]

1. c4 b6 2. Nc3 Bb7 3. e4 e5 4. Nge2 Nc6 5. d3 Bc5 6. g3 Nge7 7. Bg2 O-O 8.
O-O f5 9. exf5 Nxf5 10. Ne4 Ncd4 11. Nxd4 Bxd4 12. Rb1 a5 13. Bd2 Kh8 14.
b3 d5 15. cxd5 Bxd5 16. Qg4 Qd7 17. a3 h6 18. Qe2 Qf7 19. Kh1 Bxb3 20. f4
Bd5 21. fxe5 Qg6 22. Bf4 Rae8 23. Bf3 Qe6 24. Bh5 Re7 25. Rbe1 c5 26. g4
Nh4 27. Bg3 Rxf1+ 28. Qxf1 g5 29. Bxh4 gxh4 30. Qf8+ Kh7 31. g5 hxg5 32.
Bf3 Kg6 33. Qh8 Rh7 34. Qd8 Qf5 35. Rf1 Rd7 36. Qe8+ Kg7 37. Bg2 Qe6 38.
Qf8+ Kg6 39. Rf6+ 1-0

[Event "World Rapid 2023"]
[Site "Samarkand UZB"]
[Date "2023.12.26"]
[EventDate "2023.12.26"]
[Round "1.69"]
[Result "0-1"]
[White "Jakhongir Vakhidov"]
[Black "Roman Shogdzhiev"]
[WhiteElo "2527"]
[BlackElo "2042"]
[PlyCount "92"]

1. c4 c6 2. d4 d5 3. cxd5 cxd5 4. Bf4 Nf6 5. e3 Nc6 6. Bd3 Bg4 7. f3 Bd7 8.
Nc3 e6 9. g4 Be7 10. Nge2 O-O 11. Kf2 Ne8 12. h4 Nd6 13. a3 f5 14. g5 Rc8
15. Qc2 Na5 16. b3 Be8 17. Qb2 b5 18. Rac1 a6 19. Bg3 Ne4+ 20. Bxe4 fxe4
21. Nf4 Bd7 22. fxe4 dxe4 23. Kg2 e5 24. dxe5 Bg4 25. Ncd5 Qd7 26. Kh2 Bf3
27. e6 Qb7 28. Rxc8 Rxc8 29. Rc1 Rxc1 30. Qxc1 Bd6 31. Qd2 Nc6 32. Nf6+
gxf6 33. Qxd6 fxg5 34. Nd5 Qg7 35. Bf2 gxh4 36. Nf4 Qb2 37. Nh3 Qg7 38. Nf4
Qb2 39. Nh3 Qg7 40. Nf4 Qa1 41. Ng2 Qf1 42. Nxh4 Qxf2+ 43. Kh3 Qf1+ 44. Kh2
Qh1+ 45. Kg3 Qg1+ 46. Kh3 Bg4# 0-1

[Event "World Rapid 2023"]
[Site "Samarkand UZB"]
[Date "2023.12.26"]
[EventDate "2023.12.26"]
[Round "1.70"]
[Result "1-0"]
[White "Ernur Amangeldy"]
[Black "Shamsiddin Vokhidov"]
[WhiteElo "1952"]
[BlackElo "2527"]
[PlyCount "72"]

1. d4 Nf6 2. c4 e6 3. Nf3 d5 4. g3 dxc4 5. Bg2 Nbd7 6. O-O c6 7. a4 a5 8.
Qc2 b5 9. Nc3 b4 10. Ne4 Ba6 11. Nxf6+ gxf6 12. Nd2 b3 13. Qc3 Bb4 14. Qf3
Rc8 15. Ne4 f5 16. Nc3 Qf6 17. Rd1 O-O 18. h4 c5 19. Bg5 Qg7 20. d5 Bxc3
21. bxc3 h6 22. Be7 Rfe8 23. d6 Ne5 24. Qe3 f4 25. Qxf4 Ng6 26. Qe3 Nxe7
27. d7 Red8 28. dxc8=Q Rxc8 29. Qc1 Rb8 30. Qf4 Re8 31. Qd6 Bc8 32. Qxc5
Qxc3 33. Rac1 Qf6 34. Qxc4 b2 35. Rb1 Nd5 36. Qc6 1-0

[Event "World Rapid 2023"]
[Site "Samarkand UZB"]
[Date "2023.12.26"]
[EventDate "2023.12.26"]
[Round "1.71"]
[Result "1-0"]
[White "Vahap Sanal"]
[Black "Asrorjon Omonov"]
[WhiteElo "2547"]
[BlackElo "2005"]
[PlyCount "94"]

1. e4 c6 2. Nf3 d5 3. d3 Bg4 4. h3 Bh5 5. Bd2 e6 6. g4 Bg6 7. Nc3 Qb6 8. h4
h6 9. h5 Bh7 10. g5 dxe4 11. dxe4 Nd7 12. Rg1 hxg5 13. Nxg5 Ngf6 14. Qf3
Ne5 15. Qg3 O-O-O 16. Nxh7 Rxd2 17. Kxd2 Qd4+ 18. Ke1 Nxe4 19. Nxe4 Qxe4+
20. Be2 Rxh7 21. Qe3 Qxe3 22. fxe3 Be7 23. Kd2 Bf6 24. Raf1 Kc7 25. c3 Rh8
26. a4 a5 27. Kc2 Nd7 28. Rf4 Kd6 29. b4 axb4 30. cxb4 Ke7 31. a5 Be5 32.
Rc4 Ra8 33. Rd1 Nf6 34. Bf3 Ne8 35. Kb3 Nd6 36. Rc5 Bf6 37. Rd2 Ra7 38. Ra2
e5 39. a6 e4 40. Be2 Kd7 41. Rac2 bxa6 42. Rxc6 a5 43. Bg4+ Ke7 44. Rc7+
Rxc7 45. Rxc7+ Ke8 46. bxa5 Bd8 47. a6 1-0

[Event "World Rapid 2023"]
[Site "Samarkand UZB"]
[Date "2023.12.26"]
[EventDate "2023.12.26"]
[Round "1.72"]
[Result "0-1"]
[White "Jaloliddin Ilkhomi"]
[Black "Kacper Piorun"]
[WhiteElo "1989"]
[BlackElo "2517"]
[PlyCount "70"]

1. Nf3 Nf6 2. c4 g6 3. Nc3 Bg7 4. e4 d6 5. d4 O-O 6. Be2 c6 7. O-O a6 8. h3
b5 9. a3 bxc4 10. Bxc4 d5 11. Bd3 Nbd7 12. Bf4 dxe4 13. Nxe4 Nd5 14. Bg3
Qb6 15. Qc2 Bxd4 16. Nxd4 Qxd4 17. Rfd1 Qb6 18. Rac1 Bb7 19. Nc5 Nxc5 20.
Qxc5 Qxc5 21. Rxc5 a5 22. Be4 Rfc8 23. b4 axb4 24. axb4 e6 25. b5 cxb5 26.
Rxb5 Nc3 27. Bxb7 Nxb5 28. Bxa8 Rxa8 29. Be5 Rc8 30. Rb1 Rc5 31. Re1 Kf8
32. Bf6 Ke8 33. Re5 Rd5 34. Rxd5 exd5 35. Kf1 Kd7 0-1

[Event "World Rapid 2023"]
[Site "Samarkand UZB"]
[Date "2023.12.26"]
[EventDate "2023.12.26"]
[Round "1.73"]
[Result "0-1"]
[White "Aydin Suleymanli"]
[Black "Sergey Sklokin"]
[WhiteElo "2517"]
[BlackElo "1946"]
[PlyCount "120"]

1. e4 c6 2. d4 d5 3. exd5 cxd5 4. Bd3 Nc6 5. c3 Nf6 6. Ne2 g6 7. O-O Bg7 8.
Re1 O-O 9. Ng3 Re8 10. Bf4 Nd7 11. Nd2 e5 12. dxe5 Ndxe5 13. Bxe5 Nxe5 14.
Bb5 Bd7 15. Bxd7 Qxd7 16. Nb3 Rad8 17. Qc2 h5 18. Nf1 Nc6 19. Rxe8+ Qxe8
20. Rd1 d4 21. c4 Qe7 22. Nc1 Ne5 23. Nd3 Nxd3 24. Rxd3 Qc5 25. Qb3 b6 26.
Qa4 Qf5 27. Qd1 Re8 28. Rd2 Re7 29. g3 h4 30. gxh4 Qh3 31. h5 gxh5 32. Rd3
Qf5 33. Ng3 Qg6 34. Kf1 h4 35. Ne2 Qe4 36. Ng1 Qf4 37. b3 Re6 38. Qf3 Qc1+
39. Rd1 Qc2 40. Qd3 Qxa2 41. Nf3 Qa5 42. h3 Qh5 43. Nh2 Qe5 44. Kg2 Qf4 45.
Qf3 Rg6+ 46. Ng4 Qg5 47. Kh1 f5 48. Nh2 Be5 49. Re1 Kh7 50. Qd5 Bxh2 51.
Kxh2 Qf4+ 52. Kh1 Rg7 53. Rg1 Qe4+ 54. Qxe4 Rxg1+ 55. Kxg1 fxe4 56. b4 Kg6
57. Kf1 Kf5 58. Ke2 Ke5 59. f3 d3+ 60. Ke3 exf3 0-1